[Event "BCF-chT4 0708 (4NCL)"]
[Site "England"]
[Date "2007.10.28"]
[Round "1.4"]
[White "O'Neill, Tom C"]
[Black "Squibbs, Adam"]
[Result "1-0"]
[WhiteElo "1551"]
[BlackElo "1815"]
[PlyCount "80"]
[EventDate "2007.09.15"]
[EventType "team-swiss"]
[EventRounds "11"]
[EventCountry "ENG"]
[SourceTitle "EXT 2009"]
[Source "ChessBase"]
[SourceDate "2008.11.26"]
[SourceVersion "1"]
[SourceVersionDate "2008.11.26"]
[SourceQuality "1"]
[WhiteTeam "Conquistadors II"]
[BlackTeam "Sussex Smart Controls"]
[WhiteTeamCountry "ENG"]
[BlackTeamCountry "ENG"]

1. e4 c5 2. Nf3 d6 3. d4 cxd4 4. Nxd4 Nf6 5. Nc3 g6 6. Bg5 Bg7 7. Qd2 Nc6 8. Bb5 Bd7 9. 0-0-0 0-0 10. Bxc6 bxc6 11. Bh6 Rb8 12. Bxg7 Kxg7 13. h4 c5 14. Nde2 Qb6 15. b3 c4 16. h5 Nxh5 17. Rxh5 gxh5 18. Qg5+ Kh8 19. Qxe7 Qxf2 20. Qxd7 cxb3 21. axb3 Rfd8 22. Qa4 Rbc8 23. Qa1 Qf6 24. Rd5 Rc5 25. Rd4 Rdc8 26. Rxd6 Qxd6 27. Nd5+ f6 28. c4 a6 29. Nef4 h4 30. Nh5 Rxd5 31. exd5 Re8 32. Qxf6+ Qxf6 33. Nxf6 Rf8 34. Ne4 Re8 35. Nf6 Rf8 36. Ng4 h5 37. Ne5 Kg7 38. Kd1 Rb8 39. Kc2 Re8 40. d6 Kf6 1-0

[Event "BCF-chT4 0607 (4NCL)"]
[Site "Sunningdale"]
[Date "2007.05.28"]
[Round "11.135"]
[White "Squibbs, Adam"]
[Black "Hill, Maurice J"]
[Result "0-1"]
[WhiteElo "1635"]
[BlackElo "1910"]
[PlyCount "50"]
[EventDate "2006.09.16"]
[EventType "team-tourn"]
[EventRounds "11"]
[EventCountry "ENG"]
[SourceTitle "EXT 2008"]
[Source "ChessBase"]
[SourceDate "2007.11.25"]
[SourceVersion "1"]
[SourceVersionDate "2007.11.25"]
[SourceQuality "1"]
[WhiteTeam "W Collective"]
[BlackTeam "Notts II"]
[WhiteTeamCountry "ENG"]
[BlackTeamCountry "ENG"]

1. c4 Nf6 2. Nc3 g6 3. g3 c6 4. Bg2 d5 5. cxd5 cxd5 6. Qa4+ Nc6 7. Nf3 e6 8. d3 Bd7 9. a3 a6 10. 0-0 Bg7 11. b4 Ne4 12. dxe4 Bxc3 13. Rb1 dxe4 14. Ng5 f5 15. Kh1 Nd4 16. Qd1 Bb5 17. Nxe6 Nxe6 18. Qb3 Qf6 19. Rd1 Rd8 20. Rxd8+ Kxd8 21. Bb2 Bxb2 22. Rxb2 Kc8 23. a4 Bxa4 24. Rc2+ Bc6 25. e3 Qa1+ 0-1

[Event "BCF-chT4 0607 (4NCL)"]
[Site "Sunningdale"]
[Date "2007.05.26"]
[Round "9.75"]
[White "Mapletoft, Alexander J"]
[Black "Squibbs, Adam"]
[Result "1-0"]
[WhiteElo "1880"]
[BlackElo "1635"]
[PlyCount "47"]
[EventDate "2006.09.16"]
[EventType "team-tourn"]
[EventRounds "11"]
[EventCountry "ENG"]
[SourceTitle "EXT 2008"]
[Source "ChessBase"]
[SourceDate "2007.11.25"]
[SourceVersion "1"]
[SourceVersionDate "2007.11.25"]
[SourceQuality "1"]
[WhiteTeam "Leicester"]
[BlackTeam "W Collective"]
[WhiteTeamCountry "ENG"]
[BlackTeamCountry "ENG"]

1. e4 c5 2. Nf3 d6 3. d4 cxd4 4. Nxd4 Nf6 5. Nc3 g6 6. f3 Bg7 7. Be3 0-0 8. Qd2 Nc6 9. 0-0-0 Bd7 10. g4 a6 11. h4 h5 12. gxh5 Nxh5 13. Nxc6 bxc6 14. Bh6 Rb8 15. Bxg7 Nxg7 16. Bc4 Qa5 17. Rdg1 Kh7 18. h5 Nxh5 19. Rg5 Qb6 20. Rhxh5+ Kg7 21. Rxg6+ fxg6 22. Qh6+ Kf6 23. e5+ dxe5 24. Ne4# 1-0